Регионална библиотека "Любен Каравелов" - Русе

Малките букви (Запис номер 144902)

MARC детайли
000 -Лидер
Контролно поле с фиксирана дължина 01679nam a2200385 c 4500
003 - Код на организацията, давaща контролен номер
Контролно поле BLK
005 - Дата и час на последна редакция
Контролно поле 20250530121706.0
008 - Елементи от данни с фиксирана дължина
fixed length control field 180410b bul|||||r ||||||| ||bul||
010 ## - Наследен системен номер
LC control number KNG00151063000
020 ## - Международен стандартен номер на книга ISBN
Международен стандартен номер на книга ISBN 978-954-27-0694-6
-- издат.: Егмонт България
040 ## - Източник на каталожния запис
Идентификатор на билиотеката - собственик на записа BLK
041 ## - Код за език
Код за езика на текст/звукозапис или на отделно заглавие Български
Код за езика КДБФ Български
072 #7 - Код за тематичната категория
Код организация bullib
Код за тематична категория Н372
Текст Учебни предмети. Учебници Н
080 ## - УДК
Текстов определител УДК Писане
УДК код - определител по УДК 372.45
УДК определител (02.053.2)
УДК - код + определител 372.45(02.053.2)
139 ## - Редно поле
Редна дума Малките букви
Авторски знак Малк - М 23
245 10 - Сведения за заглавието
Заглавие Малките букви
Подзаглавни данни История с Мики Маус ; Игра на бинго
Редно поле (дума) прев. от англ. Боряна Стоянова.
257 ## - Страна на издаване
Страна на създаване/издаване Съединени американски щати
260 ## - Област на издателските данни
-- София
Име на издателя, разпространителя и проч. Егмонт България
Година на издаване 2012
Печатница София : Ропринт
300 ## - Физическа характеристика
Страници 79 с.
Илюстрации и др. с цв. ил., 2 л. цв. лепенки
Размери/Мащаб 30 см
380 ## - Жанр
Жанр Детска отраслова лит.
490 1# - СЕРИИ (Колекции)
Име на серия Disney Любознание
490 1# - СЕРИИ (Колекции)
-- Подсерия
Име на серия Вече знам : 5-6 години. Език
500 ## - Общи забележки
Забележка Ориг. загл. Let's Learn the Lowercase Letters. - Сведения за авт. отг. отбелязани в библиогр. каре. - Изд. на Disney.
650 #4 - Допълнително описание по предмет – тема
Основно описание – тема или топоним Писане - учебни помагала
9 (RLIN) 252711
653 ## - Ключова дума – ненормативна
Ключова дума писане
653 ## - Ключова дума – ненормативна
Ключова дума книжки-картинки
659 ## - Тематичен бюлетин
Тематичен бюлетин Н
700 1# - Други автори (авторска отговорност)
Лично име Стоянова, Боряна
Автороска отговорност (Описва отношението между автора и произведението) прев. от англ.
9 (RLIN) 372783
852 ## - Местоположение
Форматна сигнатура Цб ІІ 19438
856 4# - Електронен адрес и достъп
Електронен формат pdf - файл
Път до файла /url/
856 4# - Електронен адрес и достъп
Електронен формат pdf - файл
Път до файла /url/
942 ## - АРТИКУЛИ
Вид на библиотечния материал Книги
Скрит в OPAC Не
Koha issues (borrowed), all copies 5
944 ## - СЪЗДАВАНЕ И РЕДАКЦИЯ на ЗАПИСА
Създаване/Редакция Създаване
Дата на регистрацията/редакция 30.09.2013
Статус, дата на статуса Анна Гръцманова
Служител, извършил регистрацията/редакцията 30564
944 ## - СЪЗДАВАНЕ И РЕДАКЦИЯ на ЗАПИСА
Създаване/Редакция Редакция
Дата на регистрацията/редакция 29.02.2016
Статус, дата на статуса ф /
Служител, извършил регистрацията/редакцията Людмила_Стоянова
999 ## - СИСТЕМНИ КОНТРОЛНИ НОМЕРА
Koha biblionumber 144902
Koha biblioitemnumber 144902
Наличности
Код за отписване Код за изгубен артикул Код за повреда Коз за рестрикции Код за отдаване Артикулен № Име на библиотеката - собственик Име на библиотеката, в която се намира в момента Статус (Текущо местоположение) Дата на вписване в системата Местоположение - отдел Цена в лева Инвентарен номер Систематично азбучна сигнатура Баркод Номер на екземпляра Цена в евро Служебна бележка Служебен тип на артикула Източник на класификационната схема
  Не е изгубен Не е повреден без рестрикции ползва се в читалня 240569 Регионална библиотека "Любен Каравелов" Русе Регионална библиотека "Любен Каравелов" Русе Хранилище 2013-10-01 Хранилище 14.00 120000769904 Цб ІІ 19438 120000769904 1 7.16 Дост: Dp Вид: Д N: 28 Дата: 10.07.2012 Книги  
  Не е изгубен Не е повреден без рестрикции заемане за дома 240570 Регионална библиотека "Любен Каравелов" Русе Регионална библиотека "Любен Каравелов" Русе Детски отдел 2016-02-23 Детски отдел 14.00 120000798215 ДН 373.3.016:028/М 23 120000798215 2 7.16 Дост: DA Вид: А N: 6 Дата: 23.02.2016 Книги Universal Decimal Classification
Vip Innovations Ltd, Rousse, Bulgaria 2025